| 000 | 00490cam a2200181ua 4500 | ||
|---|---|---|---|
| 020 | _c15.00 | ||
| 041 |
_ahin _h |
||
| 082 |
_a891.54 _bPAN/RA |
||
| 100 | _aPanditaraja, Sri Jagannatha . | ||
| 245 |
_aRasagangadhara of Panditaraja sri Jagannatha / _cPanditaraja Sri Jagannatha. _hTextual Documents |
||
| 250 |
_a2 / _b. |
||
| 260 |
_aVaranasi : _bChowkhamba Vidhyabhavan , _c1969. |
||
| 300 | _a784 ; . | ||
| 365 | _a15.00 | ||
| 504 | _a | ||
| 942 | _cBK | ||
| 999 |
_c8468 _d8468 |
||